UBT Library

Teaching special students in general education classrooms / (Record no. 39783)

000 -LEADER
fixed length control field 00734cam a2200229 a 4500
001 - CONTROL NUMBER
control field 4504847
005 - DATE AND TIME OF LATEST TRANSACTION
control field 20180104093657.0
008 - FIXED-LENGTH DATA ELEMENTS--GENERAL INFORMATION
fixed length control field 980303s1999 njua b 001 0 eng
010 ## - LIBRARY OF CONGRESS CONTROL NUMBER
LC control number 98004433
020 ## - INTERNATIONAL STANDARD BOOK NUMBER
International Standard Book Number 0130953075
040 ## - CATALOGING SOURCE
Original cataloging agency DLC
Transcribing agency DLC
Modifying agency DLC
041 ## - LANGUAGE CODE
Language code of text/sound track or separate title eng
080 ## - UNIVERSAL DECIMAL CLASSIFICATION NUMBER
Universal Decimal Classification number 371.9 LEW
082 00 - DEWEY DECIMAL CLASSIFICATION NUMBER
Classification number 371.9 LEW
Edition number 21
100 1# - Rafti
Rafti 46
101 ## - Shkurtesa
Shkurtesa EDU
245 10 - TITLE STATEMENT
Title Teaching special students in general education classrooms /
Statement of responsibility, etc Rena B. Lewis, Donald H. Doorlag.
504 ## - BIBLIOGRAPHY, ETC. NOTE
Bibliography, etc Includes bibliographical references (p. 481-501) and indexes.
906 ## - LOCAL DATA ELEMENT F, LDF (RLIN)
a 7
b cbc
c orignew
d 1
e ocip
f 19
g y-gencatlg
942 ## - ADDED ENTRY ELEMENTS (KOHA)
Source of classification or shelving scheme
Item type Books
Holdings
Withdrawn status Lost status Source of classification or shelving scheme Damaged status Not for loan Permanent location Current location Date acquired Total Checkouts Full call number Barcode Date last seen Price effective from Koha item type
          UBT - Lipjan UBT - Lipjan 01/04/2018   371.9 LEW 002-2994773 01/04/2018 01/04/2018 Books
UBT Library © 2015-2024. All rights reserved University Education for Business and Technology